[Event "2MCR_3DE_2LA_1S"]
[Site "?"]
[Date "2007.??.??"]
[Round "?"]
[White "Binas, Jindrich"]
[Black "Majstr, Jiri"]
[Result "1/2-1/2"]
[WhiteElo "2021"]
[BlackElo "2103"]
[Annotator "023"]
[PlyCount "64"]
[EventDate "2007.??.??"]
[EventType "corr"]
[EventRounds "2"]
[SourceDate "2007.01.28"]

1. e4 c5 2. Nf3 d6 3. d4 cxd4 4. Nxd4 Nf6 5. Nc3 a6 6. f4 e5 7. Nf3 Nbd7 8. a4
Be7 9. Bd3 O-O 10. O-O exf4 11. Kh1 Nc5 12. Bxf4 Bg4 13. Be3 Rc8 14. Qd2 Re8
15. Bg1 Nxd3 16. cxd3 d5 17. e5 Nh5 18. a5 Qd7 19. Bb6 Rc6 20. Qf2 Rg6 21. Rae1
Bf8 22. Re3 f5 23. Ree1 f4 24. Qd4 Be6 25. b4 Rc8 26. Bc5 Qc6 27. Bxf8 Rxf8 28.
Rc1 Qd7 29. Ne2 Qd8 30. Rc5 Rh6 31. Kg1 g5 32. h3 Kh8 1/2-1/2

[Event "2MCR_3DE_2LA_3S"]
[Site "?"]
[Date "2007.??.??"]
[Round "?"]
[White "Koci, Vladimir"]
[Black "Kelbl, Jiri"]
[Result "1/2-1/2"]
[WhiteElo "2098"]
[BlackElo "1656"]
[Annotator "038"]
[PlyCount "63"]
[EventDate "2007.??.??"]
[EventType "corr"]
[EventRounds "2"]
[SourceDate "2007.01.28"]

1. d4 d5 2. Nf3 Nf6 3. c4 dxc4 4. e3 e6 5. Bxc4 c5 6. O-O a6 7. Qe2 b5 8. Bb3
Bb7 9. Rd1 Nbd7 10. e4 cxd4 11. e5 Bxf3 12. gxf3 Nh5 13. Rxd4 Qc7 14. Be3 Bc5
15. Rxd7 Kxd7 16. f4 Bxe3 17. Qxe3 g6 18. Nc3 Rhd8 19. Ne4 Ke7 20. Bd1 Kf8 21.
Bxh5 gxh5 22. Rc1 Qa7 23. Qe2 Qd4 24. Re1 Ke7 25. Kh1 Rac8 26. Qxh5 Rg8 27. h3
Rc1 28. Rxc1 Qxe4+ 29. f3 Qe2 30. Rc7+ Kd8 31. Rd7+ Kc8 32. Rc7+ 1/2-1/2

[Event "2MCR_3DE_2LA_2S"]
[Site "?"]
[Date "2007.??.??"]
[Round "?"]
[White "Majstrova, Alzbeta"]
[Black "Kyhos, Alois"]
[Result "0-1"]
[WhiteElo "1800"]
[BlackElo "1951"]
[Annotator "037"]
[PlyCount "82"]
[EventDate "2007.??.??"]
[EventType "corr"]
[EventRounds "2"]
[SourceDate "2007.01.28"]

1. d4 Nf6 2. c4 e6 3. Nc3 Bb4 4. Bg5 h6 5. Bh4 c5 6. d5 exd5 7. cxd5 d6 8. e3
Nbd7 9. Bd3 O-O 10. Nge2 Ne5 11. O-O Ng6 12. Bxf6 Qxf6 13. Ne4 Qe7 14. N4g3 Ne5
15. Bf5 g6 16. Bxc8 Rfxc8 17. a3 Ba5 18. Qa4 Bb6 19. Rac1 a6 20. b3 Ba7 21.
Rfd1 b5 22. Qxa6 c4 23. Qxb5 Rcb8 24. bxc4 Rxb5 25. cxb5 Ng4 26. Rc3 Bc5 27. h3
Nf6 28. Rdd3 Qb7 29. Rb3 Nxd5 30. Ne4 Nb6 31. Nd2 Nd7 32. Nc4 d5 33. Nd2 Ne5
34. Rdc3 Bd6 35. Nd4 Ra4 36. Nb1 Qb6 37. Nd2 Nc4 38. N2f3 Rxa3 39. Rxa3 Nxa3
40. Rc6 Qb8 41. b6 Bb4 0-1

[Event "2MCR_3DE_2LA_2S"]
[Site "?"]
[Date "2007.??.??"]
[Round "?"]
[White "Kyhos, Alois"]
[Black "Bultman, Milan"]
[Result "0-1"]
[WhiteElo "1951"]
[BlackElo "2099"]
[Annotator "038"]
[PlyCount "90"]
[EventDate "2007.??.??"]
[EventType "corr"]
[EventRounds "2"]
[SourceDate "2007.01.28"]

1. e4 c5 2. Nf3 d6 3. d4 cxd4 4. Nxd4 Nf6 5. Nc3 Nc6 6. Bg5 e6 7. Qd2 Be7 8.
O-O-O O-O 9. f4 Nxd4 10. Qxd4 Qa5 11. Bc4 Bd7 12. e5 dxe5 13. fxe5 Bc6 14. Bd2
Nd7 15. Nd5 Qd8 16. Nxe7+ Qxe7 17. Rhe1 Rac8 18. Qg4 Rfe8 19. Kb1 Bd5 20. Bd3
f5 21. exf6 Nxf6 22. Qg3 e5 23. Bf5 Rcd8 24. Bg5 Kh8 25. Rd3 h6 26. Qh3 Bg8 27.
Rxd8 Rxd8 28. b3 a5 29. Bc1 a4 30. Qe3 e4 31. Bb2 Qd6 32. Rc1 a3 33. Ba1 Bh7
34. Bxh7 Kxh7 35. c4 Qe6 36. h3 Rd3 37. Qe2 Qf5 38. Kc2 Rg3 39. Rf1 Qg6 40. Rg1
Nd7 41. Bd4 Nb8 42. Be3 Na6 43. Kb1 Nb4 44. Qd2 Nd3 45. Qe2 Qf6 0-1

[Event "2MCR_3DE_2LA_1S"]
[Site "?"]
[Date "2007.??.??"]
[Round "?"]
[White "Makovsky, Petr"]
[Black "Majstr, Jiri"]
[Result "1-0"]
[WhiteElo "2317"]
[BlackElo "2103"]
[Annotator "024"]
[PlyCount "63"]
[EventDate "2007.??.??"]
[EventType "corr"]
[EventRounds "2"]
[SourceDate "2007.01.28"]

1. e4 e5 2. Nf3 Nc6 3. Bc4 Bc5 4. Nc3 Nf6 5. d3 d6 6. Bg5 h6 7. Bxf6 Qxf6 8.
Nd5 Qd8 9. c3 a6 10. d4 exd4 11. cxd4 Ba7 12. h3 Ne7 13. Rc1 Nxd5 14. Bxd5 c6
15. Bb3 O-O 16. O-O Qf6 17. Re1 Qg6 18. Rc3 Be6 19. Bc2 Rad8 20. Rce3 Rfe8 21.
e5 Bf5 22. Bb3 d5 23. Nh4 Qg5 24. Nxf5 Qxf5 25. Rg3 c5 26. Bc2 Qe6 27. Qh5 Kh8
28. Bf5 Qe7 29. Ree3 Qf8 30. Ref3 Qg8 31. Bd3 cxd4 32. Rf6 1-0

[Event "2MCR_3DE_2LA_2S"]
[Site "?"]
[Date "2007.??.??"]
[Round "?"]
[White "Hlavacek, Ladislav"]
[Black "Vacek, Frantisek"]
[Result "1/2-1/2"]
[WhiteElo "2002"]
[BlackElo "1800"]
[Annotator "039"]
[PlyCount "97"]
[EventDate "2007.??.??"]
[EventType "corr"]
[EventRounds "2"]
[SourceDate "2007.01.28"]

1. d4 d5 2. c4 c6 3. Nf3 Nf6 4. cxd5 cxd5 5. Bf4 Bf5 6. Qb3 Bc8 7. e3 a6 8. Be2
Nc6 9. Nc3 e6 10. O-O Be7 11. Bg5 b5 12. a3 O-O 13. Bd3 Bb7 14. Qc2 h6 15. Bf4
Rc8 16. Qe2 b4 17. Na4 Nh5 18. Bg3 bxa3 19. bxa3 Qa5 20. Qb2 Nxg3 21. fxg3 Rc7
22. Qb3 Rb8 23. Bc2 Bd6 24. Qd3 g6 25. Qe2 Bc8 26. Qf2 Bf8 27. Rfd1 Rb5 28. h3
Bg7 29. g4 e5 30. Rac1 e4 31. Nd2 Nd8 32. Nc5 Ne6 33. a4 Rb2 34. Ndb3 Qc3 35.
Nxe6 Bxe6 36. Nc5 Bf8 37. Bb3 Rxf2 38. Rxc3 Rb2 39. Bc2 Rc6 40. Rb1 Rxb1+ 41.
Bxb1 Rb6 42. Bc2 a5 43. Kf1 Rb2 44. Nxe6 fxe6 45. Rc7 Bb4 46. Bd1 Ra2 47. g5 h5
48. Rb7 Ra1 49. Ke2 1/2-1/2

[Event "2MCR_3DE_2LA_2S"]
[Site "?"]
[Date "2007.??.??"]
[Round "?"]
[White "Vacek, Frantisek"]
[Black "Hlavacek, Ladislav"]
[Result "1/2-1/2"]
[WhiteElo "1800"]
[BlackElo "2002"]
[Annotator "040"]
[PlyCount "98"]
[EventDate "2007.??.??"]
[EventType "corr"]
[EventRounds "2"]
[SourceDate "2007.01.28"]

1. e4 e5 2. Nf3 d6 3. d4 Nf6 4. Nc3 Nbd7 5. Bc4 Be7 6. O-O O-O 7. Ng5 Nb6 8.
Be2 exd4 9. Qxd4 d5 10. e5 Ne8 11. Nf3 c5 12. Qf4 f6 13. Nxd5 Nxd5 14. Qe4 fxe5
15. Bc4 Nec7 16. Rd1 Be6 17. Qxe5 Qd7 18. a4 Bd6 19. Qe4 Kh8 20. Qh4 Bf5 21. h3
Bxc2 22. Rxd5 Nxd5 23. Bxd5 Rae8 24. Be3 Bf4 25. Bxf4 Qxd5 26. Bc7 Kg8 27. Kh2
Rf7 28. Qg3 Re6 29. Ne1 Bd1 30. Ba5 Bb3 31. Ra3 c4 32. Bc3 b6 33. a5 Qb7 34.
axb6 axb6 35. Be5 Rg6 36. Qe3 b5 37. Qd4 Ba4 38. Qd8+ Rf8 39. Qd2 Qe7 40. f4
Rd8 41. Qa5 Qe8 42. Re3 Rd7 43. Nf3 Re6 44. Qc3 Qf8 45. f5 Re8 46. f6 gxf6 47.
Bxf6 Rd6 48. Be5 Rd5 49. Re4 Re6 1/2-1/2

[Event "2MCR_3DE_2LA_2S"]
[Site "?"]
[Date "2007.??.??"]
[Round "?"]
[White "Bultman, Milan"]
[Black "Vacek, Frantisek"]
[Result "1/2-1/2"]
[WhiteElo "2099"]
[BlackElo "1800"]
[Annotator "041"]
[PlyCount "63"]
[EventDate "2007.??.??"]
[EventType "corr"]
[EventRounds "2"]
[SourceDate "2007.01.28"]

1. d4 d5 2. Nf3 Nf6 3. c4 c6 4. Nc3 dxc4 5. a4 Bf5 6. e3 e6 7. Bxc4 Bb4 8. O-O
O-O 9. Qe2 Nbd7 10. e4 Bg4 11. Na2 Be7 12. Rd1 Qa5 13. Bd2 Qh5 14. h3 Bxf3 15.
Qxf3 Qxf3 16. gxf3 Rfd8 17. Be3 Rac8 18. Nc3 Nf8 19. a5 Ng6 20. Na4 Nh5 21. Nc5
Rb8 22. a6 Bxc5 23. dxc5 Rxd1+ 24. Rxd1 bxa6 25. Rd6 h6 26. Bd4 a5 27. Rxc6 a4
28. Rd6 a3 29. c6 axb2 30. Bxb2 Ne7 31. Rd7 Nxc6 32. Rd2 1/2-1/2

[Event "2MCR_3DE_2LA_2S"]
[Site "?"]
[Date "2007.??.??"]
[Round "?"]
[White "Vacek, Frantisek"]
[Black "Bultman, Milan"]
[Result "1/2-1/2"]
[WhiteElo "1800"]
[BlackElo "2099"]
[Annotator "042"]
[PlyCount "68"]
[EventDate "2007.??.??"]
[EventType "corr"]
[EventRounds "2"]
[SourceDate "2007.01.28"]

1. e4 c5 2. Nf3 d6 3. d4 cxd4 4. Qxd4 Nc6 5. Bb5 Bd7 6. Bxc6 Bxc6 7. Nc3 Nf6 8.
Bg5 e6 9. O-O Be7 10. a4 O-O 11. Rad1 Rc8 12. b3 a6 13. h3 Qc7 14. Rfe1 b6 15.
Re3 Bb7 16. Qd2 Rfd8 17. Qe1 Qc5 18. Red3 b5 19. axb5 axb5 20. b4 Qxb4 21. Rb1
Qc4 22. Rxb5 Ba6 23. Ra5 h6 24. Be3 Ra8 25. Rd4 Qc7 26. Rda4 Bb7 27. Ra7 Rxa7
28. Rxa7 Ra8 29. Qa1 Rxa7 30. Qxa7 Bf8 31. Qd4 e5 32. Qa7 Qxc3 33. Qxb7 Qxc2
34. Nd2 Qd3 1/2-1/2

[Event "2MCR_3DE_2LA_3S"]
[Site "?"]
[Date "2007.??.??"]
[Round "?"]
[White "Stika, Vaclav"]
[Black "Koci, Vladimir"]
[Result "1-0"]
[WhiteElo "2150"]
[BlackElo "2098"]
[Annotator "039"]
[PlyCount "63"]
[EventDate "2007.??.??"]
[EventType "corr"]
[EventRounds "2"]
[SourceDate "2007.01.28"]

1. e4 c5 2. Nf3 d6 3. d4 cxd4 4. Nxd4 Nf6 5. Nc3 e6 6. g4 h6 7. h4 Nbd7 8. Rg1
Nc5 9. Qe2 Qa5 10. Bd2 Qb6 11. Qb5+ Qxb5 12. Bxb5+ Bd7 13. Bxd7+ Kxd7 14. f3 g6
15. O-O-O Rd8 16. Bf4 Ne8 17. Be3 Kc8 18. f4 Nf6 19. e5 Nfe4 20. Ndb5 Nxc3 21.
bxc3 a6 22. Nxd6+ Bxd6 23. exd6 Ne4 24. Bd4 Rhg8 25. Be5 Kd7 26. g5 h5 27. Rd4
Nc5 28. Kd2 Rc8 29. Rb1 Rc6 30. Rdb4 Rb8 31. a4 Ne4+ 32. Rxe4 1-0

[Event "2MCR_3DE_2LA_2S"]
[Site "?"]
[Date "2007.??.??"]
[Round "?"]
[White "Hlavacek, Ladislav"]
[Black "Kyhos, Alois"]
[Result "1/2-1/2"]
[WhiteElo "2002"]
[BlackElo "1951"]
[Annotator "043"]
[PlyCount "126"]
[EventDate "2007.??.??"]
[EventType "corr"]
[EventRounds "2"]
[SourceDate "2007.01.28"]

1. d4 Nf6 2. c4 e6 3. Nf3 b6 4. g3 Bb7 5. Bg2 Be7 6. O-O O-O 7. Nc3 Ne4 8. Qc2
Nxc3 9. Qxc3 c5 10. dxc5 bxc5 11. Bf4 d6 12. Rad1 Qb6 13. Rfe1 Rd8 14. b3 Nc6
15. Bg5 a5 16. Bxe7 Nxe7 17. e4 Qb4 18. Qb2 a4 19. Rd3 Bc6 20. a3 Qb7 21. Nd2
Rab8 22. Qc3 axb3 23. Qxb3 Qc7 24. Qc2 Bd7 25. Nf3 e5 26. Rb1 Ba4 27. Qc1 Rxb1
28. Qxb1 Rb8 29. Qc1 Nc6 30. Rd2 Rb3 31. Rb2 Rxa3 32. Rd2 Rb3 33. Ra2 Rb4 34.
Qa1 Bb3 35. Ra8+ Rb8 36. Qa6 Nb4 37. Qa5 Qc8 38. Rxb8 Qxb8 39. Nd2 Bc2 40. Qb5
Qd8 41. Nf1 g6 42. h4 Bd3 43. Ne3 h5 44. f3 Kg7 45. Qa4 Qc8 46. Qa5 Qe6 47. Qb5
f5 48. Bh3 Qf7 49. Bxf5 Nc2 50. Nxc2 gxf5 51. Ne3 fxe4 52. fxe4 Bxe4 53. Qb8
Qd7 54. Kf2 Qe6 55. Ke1 Qf6 56. Qe8 Kh6 57. Qd7 Bg6 58. Qc8 Bf7 59. Qc6 Kg6 60.
Qe4+ Kg7 61. Qb7 Qe6 62. Qc6 Bg6 63. Qc7+ Kg8 1/2-1/2

[Event "2MCR_3DE_2LA_2S"]
[Site "?"]
[Date "2007.??.??"]
[Round "?"]
[White "Nosek, Jaroslav"]
[Black "Bultman, Milan"]
[Result "1/2-1/2"]
[WhiteElo "2249"]
[BlackElo "2099"]
[Annotator "044"]
[PlyCount "60"]
[EventDate "2007.??.??"]
[EventType "corr"]
[EventRounds "2"]
[SourceDate "2007.01.28"]

1. d4 Nf6 2. c4 g6 3. Nc3 Bg7 4. e4 d6 5. f3 O-O 6. Bg5 c5 7. d5 h6 8. Be3 e6
9. Qd2 exd5 10. cxd5 a6 11. a4 Re8 12. Nge2 Nfd7 13. Ng3 h5 14. Bg5 f6 15. Bh6
h4 16. Nge2 Ne5 17. Bxg7 Kxg7 18. Nf4 g5 19. Nd3 Nbd7 20. Nxe5 Nxe5 21. Be2 f5
22. a5 Bd7 23. O-O f4 24. Na4 Bxa4 25. Rxa4 h3 26. g3 Rf8 27. Kh1 Rc8 28. Rg1
Kh8 29. Raa1 Qf6 30. Qc3 Rf7 1/2-1/2

[Event "2MCR_3DE_2LA_2S"]
[Site "?"]
[Date "2007.??.??"]
[Round "?"]
[White "Bultman, Milan"]
[Black "Nosek, Jaroslav"]
[Result "1-0"]
[WhiteElo "2099"]
[BlackElo "2249"]
[Annotator "045"]
[PlyCount "69"]
[EventDate "2007.??.??"]
[EventType "corr"]
[EventRounds "2"]
[SourceDate "2007.01.28"]

1. d4 Nf6 2. c4 e6 3. Nc3 Bb4 4. e3 O-O 5. Bd3 d5 6. Nf3 c5 7. O-O dxc4 8. Bxc4
Nbd7 9. a3 cxd4 10. axb4 dxc3 11. bxc3 Qc7 12. Qe2 Nb6 13. Bd3 e5 14. e4 Rd8
15. c4 Bg4 16. h3 Bxf3 17. Qxf3 Qd6 18. Be2 Qxb4 19. Ba3 Qd2 20. Be7 Rdc8 21.
Rfd1 Qh6 22. Qb3 Nxe4 23. c5 Nxc5 24. Bxc5 Rxc5 25. Rxa7 Rf8 26. Rxb7 Rc6 27.
Rxf7 Qe6 28. Rxf8+ Kxf8 29. Qb4+ Qe7 30. Rd8+ Kf7 31. Qb3+ Qe6 32. Qe3 Qf6 33.
Rh8 Qf5 34. Rb8 Nd5 35. Rb7+ 1-0

[Event "2MCR_3DE_2LA_2S"]
[Site "?"]
[Date "2007.??.??"]
[Round "?"]
[White "Docekal, Ales"]
[Black "Bultman, Milan"]
[Result "1/2-1/2"]
[WhiteElo "2099"]
[BlackElo "1800"]
[Annotator "046"]
[PlyCount "84"]
[EventDate "2007.??.??"]
[EventType "corr"]
[EventRounds "2"]
[SourceDate "2007.01.28"]

1. e4 c5 2. Nf3 d6 3. d4 cxd4 4. Nxd4 Nf6 5. Nc3 e6 6. Be3 a6 7. Be2 Nc6 8. O-O
Be7 9. f4 O-O 10. Qe1 Qc7 11. Qg3 Bd7 12. Rad1 Nxd4 13. Bxd4 Bc6 14. Bf3 Rad8
15. Rfe1 Kh8 16. a3 Rg8 17. Qf2 Nd7 18. Nd5 exd5 19. exd5 Bf6 20. dxc6 bxc6 21.
c4 Bxd4 22. Qxd4 Nf6 23. Re2 a5 24. Rde1 h6 25. Re7 Rd7 26. Rxd7 Qxd7 27. Rd1
d5 28. Qb6 a4 29. h3 Ra8 30. cxd5 cxd5 31. Kh2 Re8 32. Qb4 Qc6 33. Rd4 Ra8 34.
Qd2 Rd8 35. Bd1 Ra8 36. Qc2 Qb6 37. Rb4 Qe3 38. Qe2 Qc1 39. Qc2 Qe3 40. Bf3 Re8
41. Qxa4 Qf2 42. Qc6 Kh7 1/2-1/2

[Event "2MCR_3DE_2LA_2S"]
[Site "?"]
[Date "2007.??.??"]
[Round "?"]
[White "Bultman, Milan"]
[Black "Docekal, Ales"]
[Result "1/2-1/2"]
[WhiteElo "2099"]
[BlackElo "1800"]
[Annotator "047"]
[PlyCount "85"]
[EventDate "2007.??.??"]
[EventType "corr"]
[EventRounds "2"]
[SourceDate "2007.01.28"]

1. d4 d5 2. Nf3 Nf6 3. c4 e6 4. Nc3 Be7 5. Bg5 h6 6. Bh4 O-O 7. e3 Nbd7 8. Rc1
a6 9. cxd5 exd5 10. Bd3 c6 11. Qc2 Re8 12. O-O Ne4 13. Bxe4 Bxh4 14. Bh7+ Kh8
15. Bf5 Bf6 16. Rfe1 Nf8 17. Na4 Bxf5 18. Qxf5 Ne6 19. Qh5 Kg8 20. Rf1 Qa5 21.
b3 Qc7 22. b4 Qe7 23. Nc5 Ng5 24. Nxg5 Bxg5 25. a4 a5 26. b5 b6 27. Nd3 cxb5
28. axb5 a4 29. Ne5 Rec8 30. Nc6 Qd6 31. Rc3 g6 32. Qg4 f5 33. Qe2 a3 34. Qc2
Rc7 35. Ra1 Kh7 36. g3 Be7 37. h4 h5 38. Nxe7 Rxc3 39. Qxc3 Qxe7 40. Qc6 Qd8
41. Qb7+ Kh6 42. Ra2 Ra5 43. Kh2 1/2-1/2

[Event "2MCR_3DE_2LA_1S"]
[Site "?"]
[Date "2007.??.??"]
[Round "?"]
[White "Makovsky, Petr"]
[Black "Dedina, Miroslav"]
[Result "1/2-1/2"]
[WhiteElo "2317"]
[BlackElo "2165"]
[Annotator "025"]
[PlyCount "108"]
[EventDate "2007.??.??"]
[EventType "corr"]
[EventRounds "2"]
[SourceDate "2007.01.28"]

1. e4 c5 2. Nf3 e6 3. Nc3 Nc6 4. Bb5 Nge7 5. O-O a6 6. Bxc6 Nxc6 7. d4 cxd4 8.
Nxd4 Qc7 9. Re1 d6 10. Bg5 h6 11. Be3 Be7 12. f4 O-O 13. Qf3 b5 14. a3 Na5 15.
Bf2 Bb7 16. Red1 Bf6 17. Rd3 Bxd4 18. Rxd4 f5 19. Qh3 e5 20. fxe5 dxe5 21. Rdd1
Nc4 22. b3 Nd6 23. Nd5 Bxd5 24. exd5 Ne4 25. Qd3 Nxf2 26. Kxf2 e4 27. d6 Qc5+
28. Qe3 Qxc2+ 29. Rd2 Qc6 30. g3 Rf6 31. d7 Rd8 32. Rad1 Qc7 33. Rd5 Rf7 34.
Qd2 Re7 35. Ke3 Kh7 36. Rd6 a5 37. Ke2 e3 38. Qd3 g6 39. b4 a4 40. h3 h5 41. h4
Kg7 42. Qd4+ Kh6 43. Qc5 Rdxd7 44. Rxd7 Rxd7 45. Qf8+ Kh7 46. Rxd7+ Qxd7 47.
Kxe3 Qc7 48. Kf3 Qe5 49. Qf7+ Qg7 50. Qe8 Qb7+ 51. Kf4 Qc7+ 52. Kf3 Qb7+ 53.
Kf4 Qc7+ 54. Kf3 Qb7+ 1/2-1/2

[Event "2MCR_3DE_2LA_2S"]
[Site "?"]
[Date "2007.??.??"]
[Round "?"]
[White "Vacek, Frantisek"]
[Black "Nosek, Jaroslav"]
[Result "1/2-1/2"]
[WhiteElo "1800"]
[BlackElo "2249"]
[Annotator "048"]
[PlyCount "62"]
[EventDate "2007.??.??"]
[EventType "corr"]
[EventRounds "2"]
[SourceDate "2007.01.28"]

1. d4 Nf6 2. Nf3 e6 3. c4 b6 4. g3 Bb7 5. Bg2 Be7 6. O-O O-O 7. Nc3 Ne4 8. Qc2
Nxc3 9. Qxc3 c5 10. dxc5 bxc5 11. Bf4 d6 12. Rfd1 Nc6 13. Qc2 Rb8 14. Be3 Qc7
15. b3 Bf6 16. Rac1 h6 17. Bf4 Rfd8 18. e4 Nb4 19. Qb1 a5 20. Re1 a4 21. a3 Nc6
22. b4 cxb4 23. axb4 g5 24. Be3 Bg7 25. Red1 g4 26. Nd4 Ne5 27. Qa2 Ra8 28. Qd2
Nxc4 29. Qe2 d5 30. exd5 Bxd5 31. Bf4 Qb6 1/2-1/2

[Event "2MCR_3DE_2LA_1S"]
[Site "?"]
[Date "2007.??.??"]
[Round "?"]
[White "Brichacek, Milan"]
[Black "Korinek, Jaroslav"]
[Result "1/2-1/2"]
[WhiteElo "2215"]
[BlackElo "2000"]
[Annotator "026"]
[PlyCount "106"]
[EventDate "2007.??.??"]
[EventType "corr"]
[EventRounds "2"]
[SourceDate "2007.01.28"]

1. e4 c5 2. Nf3 Nc6 3. d4 cxd4 4. Nxd4 e5 5. Nb5 d6 6. Bc4 a6 7. N5c3 Nf6 8.
Bg5 Be7 9. Bxf6 Bxf6 10. O-O O-O 11. Bb3 Be6 12. Nd2 Nd4 13. h3 Rc8 14. Nf3 Qc7
15. Nxd4 exd4 16. Nd5 Bxd5 17. Bxd5 Qxc2 18. Bxb7 Rc7 19. Qxc2 Rxc2 20. Bxa6
Ra8 21. Bb5 Rxb2 22. a4 Rc2 23. Rfd1 Kf8 24. Bd3 Rc5 25. f4 Bh4 26. Kh2 Bf2 27.
g3 h5 28. Kg2 Be3 29. Kf3 g6 30. h4 Kg7 31. Ke2 f5 32. Kf3 Kf6 33. Ra2 Ra7 34.
exf5 gxf5 35. Be2 Ra8 36. Kg2 Rg8 37. Rf1 Rc7 38. Kh2 Rc3 39. Bxh5 d3 40. Bd1
Rgc8 41. Kh3 Rc2 42. Ra1 Rb2 43. h5 d2 44. Ra3 Bc5 45. Rb3 Rxb3 46. Bxb3 Bb4
47. Kg2 Kg7 48. Bd1 Kh6 49. Bf3 Rc2 50. Kh3 Rc3 51. Bd1 Re3 52. Kg2 d5 53. Rh1
Ba5 1/2-1/2

[Event "2MCR_3DE_2LA_1S"]
[Site "?"]
[Date "2007.??.??"]
[Round "?"]
[White "Korinek, Jaroslav"]
[Black "Brichacek, Milan"]
[Result "1/2-1/2"]
[WhiteElo "2000"]
[BlackElo "2215"]
[Annotator "027"]
[PlyCount "105"]
[EventDate "2007.??.??"]
[EventType "corr"]
[EventRounds "2"]
[SourceDate "2007.01.28"]

1. d4 Nf6 2. c4 e6 3. Nf3 d5 4. Nc3 c6 5. e3 Nbd7 6. Bd2 b6 7. Bd3 Bb7 8. O-O
Be7 9. cxd5 cxd5 10. Rc1 a6 11. a3 Ne4 12. Ne2 O-O 13. Bb4 Bxb4 14. axb4 Qb8
15. Nc3 Qd6 16. Qb3 Rac8 17. Rfd1 b5 18. Be2 f5 19. h3 f4 20. exf4 Qxf4 21. Bd3
Ng5 22. Nxg5 Qxg5 23. Ne2 e5 24. Rxc8 Rxc8 25. dxe5 Qxe5 26. Nd4 Nf6 27. Nf3
Qf4 28. g3 Qd6 29. Re1 Rc7 30. Nd4 Bc8 31. Kg2 Kh8 32. Qa3 Ne4 33. Re2 Bb7 34.
Qb3 Rc8 35. Kh2 Rf8 36. Bxe4 dxe4 37. Qc3 h6 38. h4 Rf6 39. Rd2 Qf8 40. Kg1 Kh7
41. Rc2 Qf7 42. Qe3 Qd7 43. Kh2 Qd6 44. Qd2 Qe7 45. b3 Qf8 46. Ra2 g5 47. hxg5
hxg5 48. Kg1 Kg6 49. Rc2 Rd6 50. Qe3 Qd8 51. Rd2 Qd7 52. Kh2 Rf6 53. Kg1
1/2-1/2

[Event "2MCR_3DE_2LA_1S"]
[Site "?"]
[Date "2007.??.??"]
[Round "?"]
[White "Bubenicek, Miloslav"]
[Black "Korinek, Jaroslav"]
[Result "0-1"]
[WhiteElo "1805"]
[BlackElo "2000"]
[Annotator "028"]
[PlyCount "62"]
[EventDate "2007.??.??"]
[EventType "corr"]
[EventRounds "2"]
[SourceDate "2007.01.28"]

1. e4 c5 2. Nf3 d6 3. Bb5+ Bd7 4. Bxd7+ Nxd7 5. O-O Ngf6 6. Qe2 g6 7. c3 Bg7 8.
d4 O-O 9. Bg5 Qb6 10. Na3 cxd4 11. cxd4 Rac8 12. Rac1 h6 13. Bxf6 Nxf6 14. e5
Nd5 15. Nc4 Qa6 16. b3 dxe5 17. dxe5 b5 18. Ne3 Nf4 19. Qd2 Rcd8 20. Qc2 Nd3
21. Rcd1 Nxe5 22. Nxe5 Bxe5 23. Ng4 Bg7 24. Rxd8 Rxd8 25. Ne3 Bd4 26. Rd1 Rd6
27. Rd2 Qb6 28. Re2 Bxe3 29. Rxe3 Qc5 30. Qe4 Rd1+ 31. Re1 Rd2 0-1

[Event "2MCR_3DE_2LA_3S"]
[Site "?"]
[Date "2007.??.??"]
[Round "?"]
[White "Cakl, Miloslav"]
[Black "Kelbl, Jiri"]
[Result "1-0"]
[WhiteElo "2024"]
[BlackElo "1656"]
[Annotator "040"]
[PlyCount "55"]
[EventDate "2007.??.??"]
[EventType "corr"]
[EventRounds "2"]
[SourceDate "2007.01.28"]

1. e4 e5 2. Nf3 Nc6 3. Bc4 Bc5 4. b4 Bxb4 5. c3 Ba5 6. d4 d6 7. dxe5 dxe5 8.
Qxd8+ Nxd8 9. Nxe5 Be6 10. Bd3 f6 11. Nc4 Nc6 12. Nxa5 Nxa5 13. Bb5+ c6 14. Be2
Nc4 15. Nd2 Nxd2 16. Bxd2 Ne7 17. a4 Kf7 18. Be3 Rhd8 19. f3 g6 20. Kf2 Ke8 21.
a5 Nc8 22. g4 Nd6 23. Rhb1 Rdb8 24. h4 Kd7 25. Rb4 a6 26. Rd1 Rd8 27. Bc5 Ke7
28. Rxb7+ 1-0

[Event "2MCR_3DE_2LA_1S"]
[Site "?"]
[Date "2007.??.??"]
[Round "?"]
[White "Pauschek, Roman"]
[Black "Brichacek, Milan"]
[Result "1/2-1/2"]
[WhiteElo "2165"]
[BlackElo "2215"]
[Annotator "029"]
[PlyCount "57"]
[EventDate "2007.??.??"]
[EventType "corr"]
[EventRounds "2"]
[SourceDate "2007.01.28"]

1. d4 Nf6 2. c4 e6 3. Nc3 Bb4 4. Qc2 O-O 5. a3 Bxc3+ 6. Qxc3 h6 7. Nf3 b6 8. e3
Bb7 9. Be2 a5 10. b3 d6 11. O-O Ne4 12. Qc2 Nd7 13. Bb2 f5 14. Rad1 c5 15. d5
exd5 16. cxd5 Qe7 17. Bc4 Kh8 18. g3 Kh7 19. Nh4 g6 20. a4 Ne5 21. f3 Nf6 22.
Ng2 Bc8 23. Rde1 Bd7 24. Nf4 Rae8 25. Nd3 Nxd3 26. Qxd3 Bc8 27. Qc2 Bb7 28. Qd2
Bc8 29. Bc3 1/2-1/2

[Event "2MCR_3DE_2LA_1S"]
[Site "?"]
[Date "2007.??.??"]
[Round "?"]
[White "Pauschek, Roman"]
[Black "Korinek, Jaroslav"]
[Result "1/2-1/2"]
[WhiteElo "2165"]
[BlackElo "2000"]
[Annotator "030"]
[PlyCount "97"]
[EventDate "2007.??.??"]
[EventType "corr"]
[EventRounds "2"]
[SourceDate "2007.01.28"]

1. d4 Nf6 2. c4 g6 3. Nc3 Bg7 4. e4 d6 5. f3 O-O 6. Be3 Nc6 7. Nge2 Bd7 8. Qd2
a6 9. Nc1 e6 10. Be2 e5 11. Nb3 exd4 12. Nxd4 Re8 13. O-O Qe7 14. Rad1 Nxd4 15.
Bxd4 Rad8 16. Rfe1 Be6 17. Bf1 Nd7 18. Bxg7 Kxg7 19. Nd5 Bxd5 20. cxd5 Qf6 21.
Re3 Re7 22. Rc3 Rc8 23. a4 Ne5 24. Rdc1 g5 25. Rb3 c5 26. dxc6 Rxc6 27. Rxc6
Nxc6 28. Rd3 Rd7 29. Rd5 h6 30. b3 Qd8 31. a5 b5 32. Qc3+ Ne5 33. Be2 f6 34.
Qd2 Ng6 35. g3 Ne7 36. Rd3 Nc6 37. b4 d5 38. exd5 Ne5 39. Rd4 Nc6 40. dxc6 Rxd4
41. Qe3 Rd1+ 42. Bxd1 Qxd1+ 43. Kf2 Qc2+ 44. Qe2 Qxc6 45. Qe7+ Kh8 46. Qf8+ Kh7
47. Qf7+ Kh8 48. Qg6 h5 49. f4 1/2-1/2

[Event "2MCR_3DE_2LA_1S"]
[Site "?"]
[Date "2007.??.??"]
[Round "?"]
[White "Dedina, Miroslav"]
[Black "Makovsky, Petr"]
[Result "1-0"]
[WhiteElo "2165"]
[BlackElo "2317"]
[Annotator "031"]
[PlyCount "151"]
[EventDate "2007.??.??"]
[EventType "corr"]
[EventRounds "2"]
[SourceDate "2007.01.28"]

1. e4 c5 2. Nf3 d6 3. d4 cxd4 4. Nxd4 Nf6 5. Nc3 a6 6. Bg5 e6 7. Qd2 Nc6 8.
O-O-O h6 9. Nxc6 bxc6 10. Bf4 d5 11. Qe3 Be7 12. Be2 O-O 13. h4 Re8 14. g4 Nd7
15. Qg3 e5 16. Bd2 d4 17. Na4 Nc5 18. Nxc5 Bxc5 19. g5 h5 20. g6 f6 21. Bxh5 f5
22. exf5 Bxf5 23. Bg4 Rf8 24. Bxf5 Rxf5 25. Qh3 Qd7 26. h5 Qe6 27. Kb1 Rf6 28.
Qg3 Raf8 29. h6 Rxg6 30. Qh2 gxh6 31. Rdg1 Rff6 32. Qxh6 Kf7 33. Qh7+ Ke8 34.
Rxg6 Rxg6 35. f4 d3 36. cxd3 exf4 37. Qh8+ Kd7 38. Rh7+ Be7 39. Qd4+ Ke8 40.
Qxf4 Qd5 41. Qe3 Qc5 42. Qe4 Rg1+ 43. Be1 Rf1 44. a3 Qd6 45. Kc2 Qc5+ 46. Bc3
Rf2+ 47. Kb3 a5 48. Qg6+ Kd7 49. Qg4+ Qf5 50. Qd4+ Ke8 51. Rh8+ Kf7 52. Qg7+
Ke6 53. Qg8+ Qf7 54. Qc8+ Kd6+ 55. Ka4 Qf4+ 56. d4 Qg5 57. Qb7 Rf8 58. Rxf8
Bxf8 59. Bxa5 Bh6 60. Bc7+ Kd5 61. Be5 Qc1 62. Qd7+ Ke4 63. b4 Ke3 64. Qh3+ Kf2
65. Kb3 Qd1+ 66. Kc4 Qc2+ 67. Qc3 Qa2+ 68. Qb3 Qe2+ 69. Qd3 Qa2+ 70. Kc5 Qd5+
71. Kb6 Be3 72. Qc2+ Kg1 73. Qc5 Qd8+ 74. Kxc6 Qc8+ 75. Kb5 Qb7+ 76. Ka4 1-0